| 000 | 01619nam a2200385 a 4500 | ||
|---|---|---|---|
| 001 | ebr10588442 | ||
| 003 | CaPaEBR | ||
| 006 | m u | ||
| 007 | cr cn||||||||| | ||
| 008 | 751217s1975 ne sb 101 0 eng d | ||
| 010 | _z 75331375 | ||
| 020 | _z0202011518 (Aldines) | ||
| 020 | _z902797599X (Mouton) | ||
| 020 | _z9789027975997 | ||
| 020 | _z9783110813128 (e-book) | ||
| 040 |
_aCaPaEBR _cCaPaEBR |
||
| 035 | _a(OCoLC)608502894 | ||
| 050 | 1 | 4 |
_aGN479.7 _b.I57 1973eb |
| 082 | 0 | 4 | _a301.41/2 |
| 111 | 2 |
_aInternational Congress of Anthropological and Ethnological Sciences _n(9th : _d1973 : _cChicago, Ill.) |
|
| 245 | 1 | 0 |
_aBeing female _h[electronic resource] : _breproduction, power, and change / _ceditor, Dana Raphael. |
| 260 |
_aThe Hague : _bMouton Publishers ; _aChicago : _bDistributed in the USA and Canada by Aldine, _cc1975. |
||
| 300 | _axiii, 293 p. | ||
| 440 | 0 | _aWorld anthropology | |
| 504 | _aIncludes bibliographical references and indexes. | ||
| 505 | 0 | _asection 1. Reproduction -- section 2. Women and power -- section 3. Social trends. | |
| 533 |
_aElectronic reproduction. _bPalo Alto, Calif. : _cebrary, _d2011. _nAvailable via World Wide Web. _nAccess may be limited to ebrary affiliated libraries. |
||
| 650 | 0 |
_aWomen _vCongresses. |
|
| 650 | 0 |
_aWomen _xSocial conditions _vCongresses. |
|
| 650 | 0 |
_aPregnancy _vCongresses. |
|
| 655 | 7 |
_aElectronic books. _2local |
|
| 700 | 1 |
_aRaphael, Dana, _d1926- |
|
| 710 | 2 | _aebrary, Inc. | |
| 856 | 4 | 0 |
_uhttp://site.ebrary.com/lib/rucke/Doc?id=10588442 _zAn electronic book accessible through the World Wide Web; click to view |
| 999 |
_c104066 _d104066 |
||